[Event "BL 1011 SG Turm Trier - SC Eppingen"]
[Site "?"]
[Date "2011.02.26"]
[Round "10.7"]
[White "Medvegy, Zoltan"]
[Black "Galyas, Miklos"]
[Result "1/2-1/2"]
[WhiteElo "2531"]
[BlackElo "2484"]
[PlyCount "41"]
[EventDate "2011.??.??"]

1. c4 c5 2. Nf3 Nc6 3. Nc3 Nd4 4. e3 Nxf3+ 5. Qxf3 g6 6. g4 d6 7. Bg2 Bg7 8.
Qe2 Nh6 9. h3 Rb8 10. O-O f5 11. g5 Nf7 12. f4 O-O 13. d3 Bd7 14. Bd2 e6 15.
Rab1 Bc6 16. b4 Bxg2 17. Qxg2 Qd7 18. Rb3 Nd8 19. Rfb1 Nc6 20. Ne2 b6 21. b5
1/2-1/2

[Event "BL 1011 SG Turm Trier - SC Eppingen"]
[Site "?"]
[Date "2011.02.26"]
[Round "10.8"]
[White "Kolbus, Dietmar"]
[Black "Paehtz, Elisabeth"]
[Result "0-1"]
[WhiteElo "2332"]
[BlackElo "2467"]
[PlyCount "120"]
[EventDate "2011.??.??"]

1. d4 e6 2. Nf3 c5 3. g3 Qa5+ 4. Qd2 Qxd2+ 5. Nbxd2 Nc6 6. c3 d5 7. dxc5 Bxc5
8. Bg2 Nf6 9. Nb3 Bb6 10. O-O e5 11. Bd2 h6 12. Rfd1 a5 13. Be1 O-O 14. Nfd2 a4
15. Nc1 Rd8 16. Nf1 Bf5 17. Nd3 e4 18. Nf4 g5 19. Nh3 Ne5 20. Kh1 Nc4 21. b3
Na5 22. b4 Nc4 23. Ng1 a3 24. e3 Bd7 25. Nd2 Nb2 26. Rdb1 Rac8 27. Nb3 Bb5 28.
h3 Nd7 29. Bd2 Nd3 30. Rf1 N7e5 31. Ne2 Nxb4 32. cxb4 Bxe2 33. Rfc1 Rxc1+ 34.
Bxc1 Nd3 35. Kg1 Nxb4 36. Bd2 Nc6 37. Bf1 Bxf1 38. Kxf1 d4 39. exd4 Nxd4 40.
Be3 Nxb3 41. Bxb6 Rd6 42. axb3 Rxb6 43. Rxa3 Kg7 44. Ra4 f5 45. g4 Kf6 46. Ra5
f4 47. Rf5+ Ke6 48. h4 Rxb3 49. hxg5 hxg5 50. Rxg5 f3 51. Ke1 Rb2 52. Rg8 Kf7
53. Rg5 b5 54. Re5 Re2+ 55. Kf1 b4 56. Rb5 Rb2 57. Kg1 b3 58. Rb4 Rb1+ 59. Kh2
b2 60. Rb5 Kg6 0-1

[Event "BL 1011 Nickelhütte Aue - Turm Emsdette"]
[Site "Aue"]
[Date "2011.02.26"]
[Round "10.1"]
[White "Giri, Anish"]
[Black "Meijers, Viesturs"]
[Result "1-0"]
[WhiteElo "2677"]
[BlackElo "2502"]
[PlyCount "67"]
[EventDate "2011.??.??"]

1. d4 Nf6 2. c4 e6 3. g3 d5 4. Nf3 dxc4 5. Bg2 Nc6 6. Qa4 Bd7 7. Qxc4 Na5 8.
Qc2 Rc8 9. Ne5 c5 10. Nxd7 Qxd7 11. dxc5 Bxc5 12. Nc3 b5 13. O-O a6 14. Bg5 O-O
15. Rad1 Qe7 16. Qb1 h6 17. Bxf6 gxf6 18. Ne4 Ba7 19. Rd7 Qxd7 20. Nxf6+ Kg7
21. Nxd7 Rfd8 22. Rd1 Rc7 23. Nf6 Rcc8 24. Nh5+ Kf8 25. b3 Bd4 26. e3 Bc3 27.
Bf3 Ke7 28. Kg2 Rxd1 29. Bxd1 Rd8 30. Nf4 Rd2 31. Qc1 b4 32. Ne2 Nb7 33. Nxc3
bxc3 34. Bf3 1-0

[Event "BL 1011 Nickelhütte Aue - Turm Emsdette"]
[Site "Aue"]
[Date "2011.02.26"]
[Round "10.4"]
[White "Vasilevich, Tatjana"]
[Black "Grandelius, Nils"]
[Result "1/2-1/2"]
[WhiteElo "2399"]
[BlackElo "2500"]
[PlyCount "74"]
[EventDate "2011.??.??"]

1. d4 Nf6 2. c4 g6 3. Nc3 Bg7 4. e4 d6 5. f3 O-O 6. Nge2 Nbd7 7. Be3 a6 8. Ng3
c5 9. d5 b5 10. cxb5 Qa5 11. Bd2 axb5 12. Nxb5 Qb6 13. Bc3 Ba6 14. a4 Rfb8 15.
Qd2 Ne8 16. Bxg7 Nxg7 17. b3 Nf6 18. Bc4 Nge8 19. O-O Nc7 20. a5 Qb7 21. Na3
Nd7 22. Rfb1 Qa7 23. Nf1 Bb5 24. Nxb5 Nxb5 25. Ne3 Nd4 26. Kh1 Ne5 27. Ra3 Rb4
28. f4 Nxc4 29. Nxc4 Rab8 30. Qd3 Qa6 31. h3 Qb5 32. a6 Ra8 33. Ra5 Qb8 34. Ra3
Qb5 35. Ra5 Qb8 36. Ra3 Qb5 37. Ra5 Qb8 1/2-1/2

[Event "BL 1011 Nickelhütte Aue - Turm Emsdette"]
[Site "Aue"]
[Date "2011.02.26"]
[Round "10.6"]
[White "Eichner, Sebastian"]
[Black "Fiebig, Thomas"]
[Result "1/2-1/2"]
[WhiteElo "2323"]
[BlackElo "2453"]
[PlyCount "61"]
[EventDate "2011.??.??"]

1. e4 e6 2. b3 d5 3. Bb2 Nf6 4. e5 Nfd7 5. f4 c5 6. Qg4 Nc6 7. Nf3 a6 8. Be2 b5
9. O-O Nb6 10. d4 Bd7 11. Nbd2 h5 12. Qg3 Qc7 13. f5 h4 14. Nxh4 Nxd4 15. Bxd4
cxd4 16. Bd3 O-O-O 17. fxe6 Bxe6 18. a4 Kb8 19. axb5 axb5 20. Nhf3 Bb4 21. Bxb5
Bxd2 22. Nxd2 Qxc2 23. Qf2 Qc5 24. Ra5 Rc8 25. Rfa1 d3 26. Qxc5 Rxc5 27. Bxd3
Rxa5 28. Rxa5 Nd7 29. Nf3 Rh5 30. Kf2 Nxe5 31. Nxe5 1/2-1/2

[Event "BL 1011 Nickelhütte Aue - Turm Emsdette"]
[Site "Aue"]
[Date "2011.02.26"]
[Round "10.7"]
[White "Breder, Dennis"]
[Black "Wichmann, Cliff"]
[Result "0-1"]
[WhiteElo "2439"]
[BlackElo "2341"]
[PlyCount "148"]
[EventDate "2011.??.??"]

1. e4 e6 2. d4 d5 3. Nd2 Nf6 4. Bd3 c5 5. e5 Nfd7 6. c3 Nc6 7. Ne2 cxd4 8. cxd4
f6 9. exf6 Nxf6 10. O-O Bd6 11. Nf3 Qc7 12. Bd2 O-O 13. Bc3 Bd7 14. Ng3 g6 15.
Rc1 Rac8 16. Rc2 Qb6 17. Ne5 Be8 18. Kh1 Rc7 19. Nxc6 Rxc6 20. Qe1 Bd7 21. f3
Ne8 22. Ne2 a6 23. Ba5 Qa7 24. Rxc6 Bxc6 25. Bb4 Qb8 26. Bxd6 Qxd6 27. Nc3 Ng7
28. Bb1 Qf4 29. Qd1 Bd7 30. Ne2 Qd6 31. Rf2 Qb6 32. Nc3 Ne8 33. Rd2 Nd6 34. b3
Qb4 35. Ne2 Nb5 36. h3 Rc8 37. Rd3 Na3 38. Re3 Nxb1 39. Qxb1 Qd2 40. Qd3 Qxa2
41. Qd1 Qa5 42. Nf4 Rc6 43. Nd3 Qc3 44. Qe2 Qxd4 45. Ne5 Rc1+ 46. Kh2 Bb5 47.
Qf2 Rf1 48. Qc2 Bc6 49. Qe2 Rd1 50. Rd3 Qg1+ 51. Kg3 Re1 52. Qb2 Rb1 53. Qc3
Qe1+ 54. Qxe1 Rxe1 55. f4 Rc1 56. Kg4 Bb5 57. Rg3 d4 58. Kf3 d3 59. Ke3 Rc3 60.
Rf3 Rxb3 61. Rf2 a5 62. Ra2 a4 63. Nf3 Rb4 64. Ne5 Bc4 65. Ra1 b5 66. Kd4 Bd5+
67. Kc5 Rb3 68. Kd4 d2 69. Rd1 Rb2 70. Kc3 a3 71. Nd3 b4+ 72. Kd4 Rb3 73. Nc5
Rc3 74. Rxd2 Rb3 0-1

[Event "BL 1011 Nickelhütte Aue - Turm Emsdette"]
[Site "Aue"]
[Date "2011.02.26"]
[Round "10.8"]
[White "Schnabel, Ralf"]
[Black "Richter, Christian"]
[Result "0-1"]
[WhiteElo "2259"]
[BlackElo "2392"]
[PlyCount "130"]
[EventDate "2011.??.??"]

1. e4 e5 2. Nf3 Nc6 3. Bb5 a6 4. Bxc6 dxc6 5. O-O Qf6 6. d4 exd4 7. Qxd4 Qxd4
8. Nxd4 Bd7 9. Nc3 O-O-O 10. Bf4 Ne7 11. Rad1 Ng6 12. Bg3 Bb4 13. Nce2 c5 14.
a3 Ba5 15. Nb3 Bb6 16. Nd2 Bb5 17. c4 Ba4 18. b3 Ba5 19. bxa4 Bxd2 20. Ra1 Rd3
21. h4 h5 22. Rfb1 Rhd8 23. Rb2 b6 24. Raa2 R8d7 25. Kh2 Kb7 26. Rc2 Kc6 27.
Rcb2 Rd8 28. Rc2 R8d7 29. Rcb2 Nf8 30. f3 Ne6 31. Kh3 Rd8 32. Rc2 R8d7 33. Kh2
Rd8 34. Kh3 Kb7 35. Kh2 R8d7 36. Kh3 Rd8 37. Kh2 Kb8 38. Kh3 R8d7 39. Kh2 Rd8
40. Kh3 Kc8 41. Kh2 R8d7 42. Kh3 Kb7 43. Kh2 Kc6 44. Kh3 a5 45. Kh2 Be3 46. Rc3
Rd2 47. Rxd2 Bxd2 48. Rc2 Rd3 49. Ra2 Nd4 50. Bf4 Be1 51. Bg3 Bd2 52. Bf4 Nxe2
53. Bxd2 Nc3 54. Rc2 Nb1 55. Bc1 Nxa3 56. Bxa3 Rxa3 57. Kg3 Rxa4 58. Kf4 Rb4
59. Kg5 a4 60. Kxh5 Rxc4 61. Rxc4 b5 62. Rc1 b4 63. e5 b3 64. e6 fxe6 65. Rc3
b2 0-1

[Event "BL 1011 Bayern München - SV Wattenschei"]
[Site "Aue"]
[Date "2011.02.26"]
[Round "10.1"]
[White "Vitiugov, Nikita"]
[Black "Bromberger, Stefan"]
[Result "1-0"]
[WhiteElo "2709"]
[BlackElo "2530"]
[PlyCount "53"]
[EventDate "2011.??.??"]

1. c4 Nf6 2. Nc3 c6 3. e4 d5 4. e5 d4 5. exf6 dxc3 6. bxc3 gxf6 7. d4 e5 8. Nf3
Bg4 9. Be2 Rg8 10. Rb1 Qc7 11. Nh4 Be6 12. O-O Na6 13. Qc2 O-O-O 14. Rd1 exd4
15. cxd4 Bd6 16. g3 c5 17. d5 Bd7 18. Nf5 Nb4 19. Nxd6+ Qxd6 20. Qb3 Qa6 21.
Rd2 Rge8 22. a3 Ba4 23. Qf3 Rxe2 24. Rxe2 Qxc4 25. axb4 Rxd5 26. Bf4 Bc6 27. b5
1-0

[Event "BL 1011 Bayern München - SV Wattenschei"]
[Site "Aue"]
[Date "2011.02.26"]
[Round "10.2"]
[White "Marcelin, Cyril"]
[Black "Macieja, Bartlomiej"]
[Result "1/2-1/2"]
[WhiteElo "2486"]
[BlackElo "2651"]
[PlyCount "61"]
[EventDate "2011.??.??"]

1. b3 c5 2. Bb2 Nf6 3. e3 g6 4. Bxf6 exf6 5. c4 d5 6. cxd5 Qxd5 7. Bb5+ Bd7 8.
Qf3 Qxf3 9. Bxd7+ Kxd7 10. Nxf3 Nc6 11. Nc3 f5 12. Ke2 Bg7 13. Rhd1 Rac8 14.
Rac1 Rhd8 15. g3 Ke7 16. d3 b6 17. a3 Kd7 18. Rd2 Kc7 19. Rdc2 Kb7 20. Na2 Bf8
21. Rb1 a5 22. a4 Bg7 23. Nd2 Rd7 24. Nc4 Re8 25. Rcc1 Nd4+ 26. Kf1 Nc6 27. Rd1
Red8 28. Ke2 Re7 29. Kf1 Red7 30. Ke2 Re7 31. Kf1 1/2-1/2

[Event "BL 1011 Bayern München - SV Wattenschei"]
[Site "Aue"]
[Date "2011.02.26"]
[Round "10.3"]
[White "Bartel, Mateusz"]
[Black "Renner, Christoph"]
[Result "0-1"]
[WhiteElo "2599"]
[BlackElo "2420"]
[PlyCount "50"]
[EventDate "2011.??.??"]

1. d4 f5 2. c4 Nf6 3. Nc3 d6 4. Bg5 e6 5. f3 Be7 6. e3 O-O 7. Bd3 c5 8. Nge2
Nc6 9. a3 Nh5 10. Bxe7 Qxe7 11. Qd2 f4 12. dxc5 Qh4+ 13. g3 fxg3 14. O-O-O g2
15. Rhg1 Ne5 16. Rxg2 Nxf3 17. Bxh7+ Kxh7 18. Qxd6 Kg8 19. Qc7 e5 20. Ng3 Nxg3
21. Rxg3 Qh6 22. Nd5 Kh7 23. Kb1 Be6 24. Ka1 Rf7 25. Qd6 Rd7 0-1

[Event "BL 1011 Bayern München - SV Wattenschei"]
[Site "Aue"]
[Date "2011.02.26"]
[Round "10.5"]
[White "Rustemov, Alexander"]
[Black "Meissner, Bernd"]
[Result "1-0"]
[WhiteElo "2541"]
[BlackElo "2401"]
[PlyCount "47"]
[EventDate "2011.??.??"]

1. c4 Nf6 2. Nc3 g6 3. e4 d6 4. d4 Bg7 5. h3 c5 6. d5 e6 7. Bd3 O-O 8. Nf3 exd5
9. exd5 Nfd7 10. O-O Ne5 11. Nxe5 Bxe5 12. Bh6 Bg7 13. Bf4 Re8 14. Qd2 Na6 15.
Rae1 Nc7 16. Ne4 Bf8 17. Bg5 Be7 18. Bxe7 Rxe7 19. Nf6+ Kg7 20. Qc3 Rxe1 21.
Ne8+ Kh6 22. Qg7+ Kg5 23. f4+ Kh4 24. Kh2 1-0

[Event "BL 1011 Bayern München - SV Wattenschei"]
[Site "Aue"]
[Date "2011.02.26"]
[Round "10.6"]
[White "Reich, Thomas"]
[Black "Appel, Ralf"]
[Result "1-0"]
[WhiteElo "2350"]
[BlackElo "2547"]
[PlyCount "187"]
[EventDate "2011.??.??"]

1. d4 Nf6 2. Bf4 d5 3. e3 c5 4. c3 Nc6 5. Nd2 Bf5 6. Qb3 Qd7 7. Ngf3 c4 8. Qd1
h6 9. h3 e6 10. Be2 Bd6 11. Bxd6 Qxd6 12. b3 cxb3 13. axb3 O-O 14. O-O a5 15.
Qc1 Rfc8 16. Qa3 Qd8 17. Rfc1 Ne8 18. Bb5 Ne7 19. Bxe8 Qxe8 20. c4 Nc6 21. cxd5
exd5 22. Ne1 Qd8 23. Qc5 Na7 24. Qa3 Nc6 25. Qc5 Nb4 26. Qb5 b6 27. Ndf3 Bd7
28. Qe2 Qe8 29. Ne5 Bb5 30. Qd2 Ra7 31. Nc2 Nc6 32. Nxc6 Bxc6 33. Nb4 Rac7 34.
Nd3 Qe7 35. Nf4 Kh8 36. Rc2 g5 37. Ne2 Bd7 38. Rxc7 Rxc7 39. Ng3 Be6 40. e4 Qf6
41. e5 Qg6 42. b4 Rc2 43. Qe1 a4 44. Rxa4 h5 45. Ra8+ Kh7 46. Qd1 h4 47. Nh5
Bc8 48. Nf6+ Kg7 49. Ne8+ Kh6 50. Qf3 Qf5 51. Qxf5 Bxf5 52. Nd6 Be6 53. Rb8 g4
54. hxg4 Rd2 55. Rxb6 Kg5 56. b5 Rxd4 57. Ra6 Rb4 58. b6 d4 59. b7 d3 60. Ra3
Bb3 61. Ne4+ Kf4 62. Nc5 d2 63. Nd3+ Kxg4 64. Nxb4 d1=Q+ 65. Kh2 Qc1 66. Nd3
Qxa3 67. b8=Q Kf5 68. Qd6 Qa5 69. Nc5 Be6 70. Qe7 Kg4 71. f3+ Kh5 72. Qf8 h3
73. Qh8+ Kg6 74. Qf6+ Kh7 75. Nxe6 fxe6 76. Kxh3 Qa2 77. Qh4+ Kg7 78. Qe4 Kh6
79. f4 Qf2 80. Qf3 Qe1 81. Kg4 Kg7 82. Kg5 Qb1 83. Qg4 Kh8 84. Qh5+ Kg7 85.
Qh6+ Kf7 86. Qf6+ Kg8 87. Qxe6+ Kh8 88. Qf6+ Kg8 89. e6 Qa2 90. g4 Qd5+ 91. Qe5
Qd3 92. f5 Kh7 93. Qc7+ Kh8 94. Kg6 1-0

[Event "BL 1011 Bayern München - SV Wattenschei"]
[Site "Aue"]
[Date "2011.02.26"]
[Round "10.7"]
[White "Handke, Florian"]
[Black "Lentrodt, Thomas"]
[Result "1/2-1/2"]
[WhiteElo "2494"]
[BlackElo "2340"]
[PlyCount "50"]
[EventDate "2011.??.??"]

1. b3 b6 2. Bb2 Bb7 3. c4 c5 4. e3 e6 5. Nf3 Nf6 6. Be2 Be7 7. O-O O-O 8. d4 d5
9. dxc5 Bxc5 10. Nbd2 Nc6 11. a3 Rc8 12. b4 Be7 13. Qb3 Qc7 14. Rac1 Qb8 15.
Rc2 Rfd8 16. Rfc1 Qa8 17. Qa4 dxc4 18. Nxc4 Bf8 19. Ncd2 Ne7 20. Rxc8 Rxc8 21.
Rxc8 Nxc8 22. Ba6 Bxa6 23. Qxa6 Ne8 24. Qd3 h6 25. Qd7 Ned6 1/2-1/2

[Event "BL 1011 Bayern München - SV Wattenschei"]
[Site "Aue"]
[Date "2011.02.26"]
[Round "10.8"]
[White "Graf, Felix"]
[Black "Dinstuhl, Volkmar Dr"]
[Result "1/2-1/2"]
[WhiteElo "2341"]
[BlackElo "2424"]
[PlyCount "130"]
[EventDate "2011.??.??"]

1. d4 d5 2. c4 dxc4 3. Nf3 Nf6 4. e3 e6 5. Bxc4 a6 6. O-O b5 7. Bb3 Bb7 8. a4
b4 9. Qe2 c5 10. Rd1 Nbd7 11. e4 cxd4 12. e5 Nd5 13. Rxd4 Rc8 14. Nbd2 Nc5 15.
Bc4 Qc7 16. a5 Be7 17. Nf1 O-O 18. Bg5 Bxg5 19. Nxg5 h6 20. Nf3 Ne7 21. Ng3 Ng6
22. Re1 Qxa5 23. Nh4 Rfd8 24. Rg4 Nxh4 25. Rxh4 b3 26. Nh5 Qd2 27. Rg4 g6 28.
Nf6+ Kg7 29. Ne8+ Kf8 30. Nd6 Qxe2 31. Rxe2 Rc7 32. h4 a5 33. Rf4 a4 34. Re1
Bc6 35. Rc1 Rb8 36. Bf1 Bd5 37. Rxa4 Nxa4 38. Rxc7 Nxb2 39. Rxf7+ Kg8 40. Ra7
Nd1 41. Bd3 b2 42. Bxg6 b1=Q 43. Bxb1 Rxb1 44. Ne8 Ne3+ 45. Kh2 Ng4+ 46. Kg3
Nxe5 47. Nf6+ Kf8 48. Nh7+ Ke8 49. Nf6+ Kd8 50. f3 Bb7 51. Ra5 Nf7 52. Rh5 Rf1
53. Ng4 Ke7 54. Nxh6 Nxh6 55. Rxh6 Bd5 56. Rg6 Kf7 57. Rg4 Kf6 58. Rf4+ Kg6 59.
Rg4+ Kh6 60. Rg5 Rb1 61. Re5 Rb2 62. Rg5 Rd2 63. Kh3 Rf2 64. Kg3 Rf1 65. Kh3
Rf2 1/2-1/2

[Event "BL 1011 OSG Baden Baden - SG Turm Trier"]
[Site "?"]
[Date "2011.02.27"]
[Round "11.3"]
[White "Jaracz, Pawel"]
[Black "Naiditsch, Arkadij"]
[Result "1/2-1/2"]
[WhiteElo "2543"]
[BlackElo "2674"]
[PlyCount "83"]
[EventDate "2011.??.??"]

1. c4 e5 2. Nc3 Nf6 3. Nf3 Nc6 4. a3 d5 5. cxd5 Nxd5 6. Qc2 Be7 7. e3 O-O 8.
Bb5 Nxc3 9. bxc3 Qd5 10. Bd3 f5 11. e4 Qf7 12. exf5 Bxf5 13. Bxf5 Qxf5 14. Qxf5
Rxf5 15. d3 Bc5 16. Rf1 Raf8 17. Ra2 Na5 18. Re2 Nb3 19. Bb2 Bd6 20. Kd1 Nc5
21. Kc2 Ne6 22. Bc1 Nf4 23. Bxf4 Rxf4 24. Kb3 Rg4 25. Ne1 b5 26. f3 Rh4 27. h3
c5 28. Nc2 c4+ 29. dxc4 bxc4+ 30. Ka4 Rb8 31. Rd1 Rh6 32. Rd5 Rb3 33. Ra5 Rxc3
34. Rxa7 Re6 35. Ra6 Kf7 36. Kb5 e4 37. fxe4 Re5+ 38. Ka4 Bc5 39. Rc6 Rg3 40.
Kb5 Bxa3+ 41. Kxc4 Be7 42. Nd4 1/2-1/2

[Event "BL 1011 SC Eppingen - SV Griesheim"]
[Site "?"]
[Date "2011.02.27"]
[Round "11.4"]
[White "Braun, Arik"]
[Black "Grabarczyk, Miroslaw"]
[Result "1/2-1/2"]
[WhiteElo "2538"]
[BlackElo "2475"]
[PlyCount "61"]
[EventDate "2011.??.??"]

1. d4 d5 2. c4 e6 3. Nc3 Nf6 4. cxd5 exd5 5. Bg5 c6 6. e3 Bf5 7. Qf3 Bg6 8.
Bxf6 Qxf6 9. Qxf6 gxf6 10. h4 h5 11. Nh3 Bd6 12. g3 Nd7 13. Nf4 Ke7 14. f3 Nf8
15. Kf2 Ne6 16. Rd1 f5 17. Bd3 Kf6 18. Rb1 a5 19. Rhc1 Rhe8 20. Na4 Re7 21. Nc3
Kg7 22. Re1 Rae8 23. Na4 Ra8 24. Nc5 Kf6 25. Kg2 Bh7 26. Ne4+ fxe4 27. Kf2 Kg7
28. Rec1 Kf6 29. Kg2 Kg7 30. Kf2 Kf8 31. a4 1/2-1/2

[Event "BL 1011 SC Eppingen - SV Griesheim"]
[Site "?"]
[Date "2011.02.27"]
[Round "11.6"]
[White "Guliyev, Namig"]
[Black "Bulski, Krzysztof"]
[Result "1/2-1/2"]
[WhiteElo "2510"]
[BlackElo "2459"]
[PlyCount "95"]
[EventDate "2011.??.??"]

1. e4 e5 2. Nf3 Nc6 3. Bb5 a6 4. Ba4 Nf6 5. O-O Nxe4 6. d4 b5 7. Bb3 d5 8. dxe5
Be6 9. c3 Be7 10. Re1 O-O 11. Nd4 Nxd4 12. cxd4 Bb4 13. Re2 f5 14. Nd2 Kh8 15.
f3 Ng5 16. Nf1 f4 17. Bd2 Bxd2 18. Qxd2 Bf5 19. Qxf4 Bd3 20. Qe3 Bxe2 21. Qxe2
Ne6 22. Rd1 c6 23. g3 Qb6 24. Qe3 g5 25. Kg2 Ra7 26. Rd3 a5 27. Bd1 Rd7 28. Qd2
c5 29. dxc5 Nxc5 30. e6 Nxe6 31. Rxd5 Rxd5 32. Qxd5 Rf6 33. Bc2 Qc5 34. Qe4 Nf8
35. Bd3 Re6 36. Qb7 Qd4 37. Qxb5 Rb6 38. Qf5 Qxb2+ 39. Bc2 Rf6 40. Qd3 g4 41.
f4 Re6 42. Nd2 a4 43. Qc4 Re1 44. Qc5 Kg7 45. Qc7+ Kg8 46. Qc4+ Kg7 47. Qc7+
Kg8 48. Qc4+ 1/2-1/2

[Event "BL 1011 SV Wattenscheid - Nickelhütte A"]
[Site "Aue"]
[Date "2011.02.27"]
[Round "11.1"]
[White "Meijers, Viesturs"]
[Black "Vitiugov, Nikita"]
[Result "0-1"]
[WhiteElo "2502"]
[BlackElo "2709"]
[PlyCount "78"]
[EventDate "2011.??.??"]

1. e4 g6 2. d4 Bg7 3. Nc3 d6 4. Be3 a6 5. a4 Nd7 6. Be2 b6 7. h4 h6 8. Bf3 Bb7
9. Nge2 e6 10. Qd2 Ne7 11. g3 Nf5 12. h5 g5 13. Bg2 O-O 14. f4 Nxe3 15. Qxe3 c5
16. Rd1 cxd4 17. Nxd4 Qe7 18. O-O Rac8 19. Rd2 Nf6 20. Qe2 gxf4 21. gxf4 Kh8
22. Kh2 Rc5 23. f5 Rg8 24. Rd3 Ng4+ 25. Kg1 Qh4 26. Rff3 Bxd4+ 27. Rxd4 Qh2+
28. Kf1 exf5 29. Qd2 fxe4 30. Rh3 e3 31. Rxg4 Bxg2+ 32. Qxg2 Rf5+ 33. Ke1 Qxg2
34. Rxg2 Rxg2 35. Ne2 Re5 36. b3 Rgg5 37. Nf4 e2 38. Rh1 Rgf5 39. Nxe2 Rxh5 0-1

[Event "BL 1011 SV Wattenscheid - Nickelhütte A"]
[Site "Aue"]
[Date "2011.02.27"]
[Round "11.6"]
[White "Appel, Ralf"]
[Black "Diebl, Lutz"]
[Result "1-0"]
[WhiteElo "2547"]
[BlackElo "2222"]
[PlyCount "73"]
[EventDate "2011.??.??"]

1. e4 Nc6 2. d4 e5 3. dxe5 Nxe5 4. Nc3 Bc5 5. Be2 d6 6. Na4 Bb6 7. Nxb6 axb6 8.
f4 Nc6 9. Nf3 Qe7 10. Bd3 Nf6 11. O-O O-O 12. Re1 Re8 13. Bd2 Bg4 14. h3 Bxf3
15. Qxf3 Nd7 16. c3 Qh4 17. Re2 Re7 18. Be1 Qh6 19. Bg3 Rae8 20. Rae1 g5 21.
Re3 Kh8 22. e5 dxe5 23. fxg5 Qxg5 24. Qf2 Qg7 25. Bh4 f6 26. Bf5 Re6 27. Rd1
Nf8 28. Bxe6 Rxe6 29. Rf3 Nd7 30. Rxd7 Qxd7 31. Bxf6+ Rxf6 32. Rxf6 Kg7 33. Rf3
Qe7 34. Rg3+ Kh8 35. Qf5 Nd8 36. Rd3 Nf7 37. Rd7 1-0

[Event "BL 1011 SK Delmenhorst - Solinger SG"]
[Site "?"]
[Date "2011.03.19"]
[Round "12.1"]
[White "Smeets, Jan"]
[Black "Heberla, Bartlomeij"]
[Result "1-0"]
[WhiteElo "2669"]
[BlackElo "2534"]
[PlyCount "91"]
[EventDate "2011.??.??"]

1. e4 c6 2. d4 d5 3. e5 c5 4. dxc5 Nc6 5. Bb5 e6 6. Be3 Nge7 7. c3 Bd7 8. Bxc6
Bxc6 9. Bd4 Nf5 10. Nf3 Nxd4 11. Qxd4 Qc7 12. b4 b6 13. cxb6 axb6 14. O-O Be7
15. a3 O-O 16. Qe3 Bb5 17. Re1 Rfc8 18. Nd4 Bd7 19. Ra2 f6 20. exf6 Bxf6 21.
Nxe6 Qc4 22. Rae2 Re8 23. Qd2 Bxe6 24. Rxe6 Rxe6 25. Rxe6 d4 26. Qe1 Rf8 27.
Re4 Qd5 28. cxd4 Bxd4 29. Re2 Qb3 30. h3 b5 31. Qc1 Qf7 32. Qd2 Qf6 33. Qe1 Qa6
34. Nc3 Qc6 35. Ne4 h6 36. Qd1 Ba7 37. Qc2 Qd7 38. Rd2 Qe7 39. Qc6 Kh8 40. Qd5
Re8 41. Re2 Qh4 42. Qf7 Qd8 43. Rd2 Qe7 44. Qxe7 Rxe7 45. Nc3 Re5 46. g4 1-0

[Event "BL 1011 SK Delmenhorst - Solinger SG"]
[Site "?"]
[Date "2011.03.19"]
[Round "12.2"]
[White "Warakomski, Tomasz"]
[Black "Stellwagen, Daniel"]
[Result "1/2-1/2"]
[WhiteElo "2468"]
[BlackElo "2635"]
[PlyCount "94"]
[EventDate "2011.??.??"]

1. e4 e6 2. d3 d5 3. Nd2 Nf6 4. Ngf3 b6 5. c3 Be7 6. Be2 c5 7. O-O Nc6 8. Re1
Qc7 9. Bf1 Bb7 10. a3 O-O 11. b4 d4 12. cxd4 cxb4 13. a4 Na5 14. Bb2 Rac8 15.
Rc1 Qd7 16. Ra1 Qc7 17. Rc1 Qb8 18. Ra1 Rfd8 19. Ne5 Nd7 20. Nxd7 Rxd7 21. d5
Bf8 22. g3 Re8 23. dxe6 fxe6 24. d4 Qd8 25. Nf3 Rd6 26. Qd3 Qa8 27. Bh3 Bc8 28.
Rac1 Rc6 29. Ne5 Rxc1 30. Rxc1 Bd6 31. d5 Qb8 32. f4 Bc5+ 33. Kh1 Qd6 34. dxe6
Qxd3 35. Nxd3 Nb3 36. Rd1 Bxe6 37. Bxe6+ Rxe6 38. e5 g6 39. Kg2 Rc6 40. Kf3 Be7
41. h3 Rc2 42. Ke3 Kf7 43. g4 Ke6 44. Ke4 Rc4+ 45. Kf3 Rc2 46. Ke4 Rc4+ 47. Kf3
Rc2 1/2-1/2

[Event "BL 1011 SK Delmenhorst - Solinger SG"]
[Site "?"]
[Date "2011.03.19"]
[Round "12.3"]
[White "L'Ami, Erwin"]
[Black "Jugelt, Tobias"]
[Result "1-0"]
[WhiteElo "2624"]
[BlackElo "2409"]
[PlyCount "61"]
[EventDate "2011.??.??"]

1. d4 d5 2. c4 c6 3. Nf3 Nf6 4. Nc3 a6 5. e3 b5 6. b3 Bg4 7. Bd2 e6 8. h3 Bxf3
9. Qxf3 Bb4 10. Bd3 Qa5 11. Rc1 O-O 12. O-O Nbd7 13. Qe2 e5 14. a3 Bxc3 15.
Bxc3 Qxa3 16. dxe5 Ne4 17. Bxe4 dxe4 18. b4 Nb6 19. Qg4 Na4 20. Bd4 Qxb4 21. c5
Ra7 22. Qxe4 Rc8 23. f4 Re7 24. f5 f6 25. e6 Qb3 26. Rfd1 a5 27. Qg4 Kh8 28. e4
Ree8 29. Kh2 Qb4 30. Bxf6 gxf6 31. Rd7 1-0

[Event "BL 1011 SK Delmenhorst - Solinger SG"]
[Site "?"]
[Date "2011.03.19"]
[Round "12.4"]
[White "Lammers, Markus"]
[Black "Werle, Jan"]
[Result "1-0"]
[WhiteElo "2395"]
[BlackElo "2574"]
[PlyCount "137"]
[EventDate "2011.??.??"]

1. Nf3 Nf6 2. c4 e6 3. d4 b6 4. g3 Ba6 5. Nbd2 d5 6. Bg2 Bd6 7. O-O O-O 8. b3
Nbd7 9. e4 Bb4 10. Bb2 Nxe4 11. Nxe4 dxe4 12. Ne5 Nxe5 13. dxe5 e3 14. fxe3 Qg5
15. Bxa8 Qxe3+ 16. Kg2 Rxa8 17. Qf3 Qxf3+ 18. Kxf3 Bb7+ 19. Ke2 h5 20. Rad1 Bc6
21. Rd3 a5 22. a4 g5 23. Ra1 Bf8 24. Bc1 g4 25. Bg5 Bg7 26. Bf6 Bxf6 27. exf6
Kh7 28. Ke3 Kg6 29. Rad1 Kxf6 30. Rd8 Ke7 31. R1d7+ Bxd7 32. Rxa8 Kd6 33. Rh8
Kc5 34. Kd3 Kb4 35. Kc2 Bc6 36. Rxh5 f5 37. Rh6 Be4+ 38. Kb2 e5 39. Re6 Kc5 40.
Kc3 Bb1 41. Rxe5+ Kd6 42. Re8 c5 43. Rb8 Kc7 44. Rh8 Be4 45. h4 gxh3 46. Rxh3
Kd6 47. Rh6+ Kc7 48. Re6 Bf3 49. Re5 Bg4 50. Rd5 Kc6 51. Kd2 Kc7 52. Ke3 Kc6
53. Kf4 Kc7 54. Ke5 Kc6 55. Rd3 Be2 56. Rc3 Bg4 57. Rc1 Kc7 58. Re1 Kc6 59. Rf1
Kc7 60. Rxf5 Bd1 61. Kd5 Kb7 62. Rf1 Bxb3 63. Ra1 Bc2 64. g4 Bg6 65. Rf1 Be8
66. g5 Bc6+ 67. Kd6 Be4 68. Rf6 Bd3 69. Kd5 1-0

[Event "BL 1011 SK Delmenhorst - Solinger SG"]
[Site "?"]
[Date "2011.03.19"]
[Round "12.6"]
[White "Hoeffer, David"]
[Black "Ragger, Markus"]
[Result "0-1"]
[WhiteElo "2259"]
[BlackElo "2628"]
[PlyCount "76"]
[EventDate "2011.??.??"]

1. d4 d5 2. c4 e6 3. Nf3 Nf6 4. g3 Bb4+ 5. Bd2 Bd6 6. Nc3 O-O 7. Bg2 c6 8. O-O
Nbd7 9. Rc1 dxc4 10. e4 e5 11. d5 cxd5 12. exd5 Nc5 13. Bg5 Bg4 14. Qc2 Nd3 15.
Rb1 Nb4 16. Qe2 Bf5 17. Qxc4 Bxb1 18. Rxb1 h6 19. Be3 Re8 20. Rd1 Rc8 21. Qb3
Ng4 22. a3 Nxe3 23. fxe3 Na6 24. Qxb7 Nc5 25. Qb5 Rb8 26. Qe2 Rb3 27. Nb5 Bf8
28. Nxa7 Qb6 29. Nc6 Ne4 30. Rd3 Rxb2 31. Nd2 Nc5 32. Rc3 Na4 33. Rd3 e4 34.
Rd4 Bc5 35. Rxa4 Bxe3+ 36. Kh1 Rxd2 37. Qc4 Qb1+ 38. Bf1 Rf2 0-1

[Event "BL 1011 SK Delmenhorst - Solinger SG"]
[Site "?"]
[Date "2011.03.19"]
[Round "12.7"]
[White "Hoffmann, Michael"]
[Black "Skinke, Katrina"]
[Result "1/2-1/2"]
[WhiteElo "2510"]
[BlackElo "2237"]
[PlyCount "77"]
[EventDate "2011.??.??"]

1. d4 Nf6 2. c4 g6 3. Nf3 Bg7 4. g3 d6 5. Bg2 O-O 6. O-O Nc6 7. Nc3 Bd7 8. b3
e5 9. dxe5 dxe5 10. Ba3 Re8 11. Nd5 e4 12. Nd2 Bf5 13. Ne3 Bc8 14. Bb2 Nd4 15.
Nb1 Ng4 16. Nc3 Nxe3 17. fxe3 Nf5 18. Qxd8 Rxd8 19. Rad1 Be6 20. Kf2 Nh6 21.
Bxe4 Ng4+ 22. Kg1 Nxe3 23. Rxd8+ Rxd8 24. Rc1 Rd2 25. Ba1 Ng4 26. h3 Ne3 27. g4
f5 28. gxf5 Bxf5 29. Bxf5 Nxf5 30. Kf2 c6 31. Ke1 Rd8 32. Ne4 Bxa1 33. Rxa1 Kf7
34. Ng5+ Kg8 35. Rd1 Rxd1+ 36. Kxd1 h6 37. Ne6 b6 38. Kd2 Ne7 39. c5 1/2-1/2